El culto de la brujería en Europa occidental
Kaydedildi:
| Yazar: | |
|---|---|
| Materyal Türü: | Kitap |
| Dil: | İspanyolca |
| Baskı/Yayın Bilgisi: |
Barcelona
Labor
1978
|
| Seri Bilgileri: | Labor, 214
|
| Konular: | |
| Etiketler: |
Etiketle
Etiket eklenmemiş, İlk siz ekleyin!
|
MARC
| LEADER | 00000nam a2200000 a 4500 | ||
|---|---|---|---|
| 001 | UCP4399 | ||
| 003 | CL-VaPUC | ||
| 008 | 990724e19780000SP |||||||||||||||||spa|d | ||
| 082 | 0 | 4 | |a 133.43 |b MUR |2 21 |
| 100 | |a Murray, Margaret Alice |e autora |9 431890 | ||
| 245 | 1 | 3 | |a El culto de la brujería en Europa occidental |
| 300 | |a 344 p | ||
| 942 | |c BK | ||
| 945 | |d 19990724 00:00:00 |a crobeson | ||
| 260 | |a Barcelona |b Labor |c 1978 | ||
| 650 | 0 | |a Brujería |9 335555 | |
| 650 | 0 | |a Demonología |9 314401 | |
| 650 | 7 | |a PRACTICAS ESOTERICAS |2 CL-VaPUC |9 337269 | |
| 650 | 7 | |a SUPERSTICION |2 CL-VaPUC |9 335331 | |
| 650 | 7 | |a RITOS |2 CL-VaPUC |9 337654 | |
| 650 | 7 | |a FOLKLORE |2 CL-VaPUC |9 268291 | |
| 651 | 0 | |a Europa |9 255156 | |
| 583 | |a last modification |c 19990724 00:00:00 |k Rodrigo Vera | ||
| 490 | 0 | |a Labor, 214 | |
| 999 | |c 282382 |d 282380 | ||
| 952 | |0 0 |1 0 |4 0 |6 133_430000000000000_MUR_1978 |7 0 |8 A |9 324052 |a BIBHIS |b BIBHIS |d 2019-11-20 |i 1354523 |o 133.43 MUR 1978 |p 1354523 |r 2025-01-20 |w 2019-11-20 |y BK |k HIS | ||